مكتبة جامعة عجلون الوطنية

فهرس بحث المكتبة

الوجيز في الاصابات في المجال الرياضي : (Record no. 34032)

MARC details
000 -LEADER
fixed length control field 00932nam a22002177a 4500
003 - CONTROL NUMBER IDENTIFIER
control field JO-AjAnu
005 - DATE AND TIME OF LATEST TRANSACTION
control field 20251011122027.0
008 - FIXED-LENGTH DATA ELEMENTS--GENERAL INFORMATION
fixed length control field 251011b jo ||||| |||| 00| 0 ara d
040 ## - CATALOGING SOURCE
Original cataloging agency JO-AjAnu
Language of cataloging ara
Transcribing agency JO-AjAnu
Modifying agency JO-AjAnu
Description conventions rda
041 ## - LANGUAGE CODE
Language code of text/sound track or separate title ara
Language code of original ara
050 ## - LIBRARY OF CONGRESS CALL NUMBER
Classification number RD97
Item number 2020
100 #1 - MAIN ENTRY--PERSONAL NAME
Personal name داود، محمد
Relator term مؤلف
9 (RLIN) 66726
245 #0 - TITLE STATEMENT
Title الوجيز في الاصابات في المجال الرياضي :
Remainder of title ( اصابات الملاعب -الاسباب-العلاج-الوقاية) /
Statement of responsibility, etc. محمد داود، محمد امين
250 ## - EDITION STATEMENT
Edition statement الطبعة الاولى
260 ## - PUBLICATION, DISTRIBUTION, ETC.
Place of publication, distribution, etc. عمان :
Name of publisher, distributor, etc. المؤلف،
Date of publication, distribution, etc. 2020
300 ## - PHYSICAL DESCRIPTION
Extent 150 صفحة
504 ## - BIBLIOGRAPHY, ETC. NOTE
Bibliography, etc. note تحتوي على قائمة مراجع وببلوغرافيا
650 70 - SUBJECT ADDED ENTRY--TOPICAL TERM
Topical term or geographic name entry element الاصابات الرياضية-التحليل الطبي-العلاج-الرياضيون
9 (RLIN) 66727
700 #1 - ADDED ENTRY--PERSONAL NAME
Personal name امين، محمد
Relator term مؤلف مشارك
9 (RLIN) 66728
942 ## - ADDED ENTRY ELEMENTS (KOHA)
Source of classification or shelving scheme Library of Congress Classification
Koha item type Books
Suppress in OPAC No
Holdings
Withdrawn status Lost status Source of classification or shelving scheme Damaged status Not for loan Home library Current library Date acquired Total Checkouts Full call number Barcode Date last seen Price effective from Koha item type
    Library of Congress Classification     مكتبة جامعة عجلون الوطنية مكتبة جامعة عجلون الوطنية 11/10/2025   RD97 2020 a30468 11/10/2025 11/10/2025 Books